| 000 | 00636nam a2200193Ia 4500 | ||
|---|---|---|---|
| 008 | 240729s9999 xx 000 0 und d | ||
| 022 | _a2528-3103 | ||
| 245 | 0 | _aYuridika | |
| 260 | _aIndonesia | ||
| 260 | _bUniversitas Airlangga | ||
| 650 | _a Jurisprudence. Philosophy and theory of law | ||
| 650 | _a Law in general. Comparative and uniform law. Jurisprudence | ||
| 650 | _a Law in general. Comparative and uniform law. Jurisprudence | ||
| 650 | _a Private international law. Conflict of laws | Law | ||
| 650 | _aLaw | ||
| 856 | _uhttps://doaj.org/toc/412d1c691d4646aabe4bdbf600bb0056 | ||
| 942 | _2ddc | ||
| 942 | _cDOAJEJ | ||
| 999 |
_c67122 _d67122 |
||
| 945 |
_a1 _bMadushi Gamage _c1 _dMadushi Gamage |
||